000
00290nam a2200109Ia 4500
008
200302s9999 xx 000 0 und d
100
_a
Pierre Zoelly AIA
245
_a
Architectural Notes Anybody Home?
260
_b
Birkhauser Publlisher for Architecture
260
_c
1995
300
_a
132 P.,
999
_c
4178
_d
4178